[Event "Hauts de Seine-ch"]
[Site "Issy les Moulineaux"]
[Date "2013.06.15"]
[Round "2"]
[White "Boyer, Jean Francois"]
[Black "Kizilian, Emmanuel"]
[Result "0-1"]
[WhiteElo "1848"]
[BlackElo "2046"]
[PlyCount "36"]
[EventDate "2013.06.15"]
[EventType "swiss"]
[EventRounds "5"]
[EventCountry "FRA"]
[SourceTitle "EXT 2015"]
[Source "ChessBase"]
[SourceDate "2014.11.20"]
[SourceVersion "1"]
[SourceVersionDate "2014.11.20"]
[SourceQuality "1"]

1. e4 c5 2. Nf3 d6 3. d4 cxd4 4. Nxd4 Nf6 5. Nc3 g6 6. Be3 Bg7 7. f3 0-0 8. Qd2 Nc6 9. Bc4 Bd7 10. 0-0-0 Rb8 11. h4 b5 12. Ndxb5 Ne5 13. Be2 Qa5 14. Nd4 Rfc8 15. Nb3 Rxb3 16. axb3 Nxe4 17. Qd5 Qa1+ 18. Nb1 Nd3+ 0-1